000 00487nam a2200157 i 4500
001 39069
003 ES-MaACL
005 20230906155902.0
007 t|
008 030227s1966 sp ||||1| spa d
100 1 _aCampoy García, José María.
_934294
245 1 0 _aAlcaldes de Lorca desde las Cortes de Cádiz /
_cJosé María García.
260 _a[S.l. :
_bs.n.,
_c1966] (
_eMurcia :
_fImp. Belkrom)
300 _a241 p., 12 lám. ;
_c21 cm.
852 _aES-MaACL
_jC-31878
_bR.62116
999 _c39069
_d39069